Le cinema mexicain / (Record no. 113281)

MARC details
000 -LEADER
campo de control de longitud fija 00824nam a2200253 i 4500
001 - NÚMERO DE CONTROL
campo de control 113281
003 - IDENTIFICADOR DE NÚMERO DE CONTROL
campo de control ES-MaACL
005 - FECHA Y HORA DE LA ÚLTIMA TRANSACCIÓN
campo de control 20230906185828.0
007 - CAMPO FIJO DE DESCRIPCIÓN FÍSICA--INFORMACIÓN GENERAL
campo de control de longitud fija t|
008 - DATOS DE LONGITUD FIJA--INFORMACIÓN GENERAL
campo de control de longitud fija 070222s1992 fr ||||1| fre d
020 ## - NÚMERO INTERNACIONAL ESTÁNDAR DEL LIBRO
Número Internacional Estándar del Libro 2-85850-669-8
080 ## - NÚMERO DE LA CLASIFICACIÓN DECIMAL UNIVERSAL
Número de la Clasificación Decimal Universal 791.43(72)
245 03 - MENCIÓN DEL TÍTULO
Título Le cinema mexicain /
Mención de responsabilidad, etc. sous la direction de Paulo Antonio Paranagua ; textes de Nelson Carro ... [et al.].
260 ## - PUBLICACIÓN, DISTRIBUCIÓN, ETC.
Lugar de publicación, distribución, etc. Paris :
Nombre del editor, distribuidor, etc. Centre Georges Pompidou,
Fecha de publicación, distribución, etc. [1992]
300 ## - DESCRIPCIÓN FÍSICA
Extensión 333 p. :
Otras características físicas il. ;
Dimensiones 24 cm.
490 1# - MENCIÓN DE SERIE
Mención de serie Cinéma-pluriel
650 #4 - PUNTO DE ACCESO ADICIONAL DE MATERIA--TÉRMINO DE MATERIA
Término de materia o nombre geográfico como elemento de entrada Cine-
Subdivisión geográfica México.
9 (RLIN) 170938
700 1# - ENTRADA AGREGADA--NOMBRE PERSONAL
Nombre de persona Paranagua, Paulo Antonio.
9 (RLIN) 88935
700 1# - ENTRADA AGREGADA--NOMBRE PERSONAL
Nombre de persona Carro, Nelson.
9 (RLIN) 35823
710 2# - ENTRADA AGREGADA--NOMBRE DE ENTIDAD CORPORATIVA
Nombre de entidad corporativa o nombre de jurisdicción como elemento de entrada Centre Georges Pompidou.
9 (RLIN) 2555
830 1# - PUNTO DE ACCESO ADICIONAL DE SERIE-TÍTULO UNIFORME
Título uniforme Cinéma-pluriel
9 (RLIN) 185726
852 ## - LOCALIZACIÓN
Ubicación ES-MaACL
Número de control de estantería E-11587
Nota libre - Biblioteca Jacinto Martínez Lacalle.
Holdings
Estatus retirado Estado de pérdida Estado de daño No para préstamo Biblioteca de origen Biblioteca actual Ubicación en estantería Fecha de adquisición Fuente de adquisición Total de préstamos Signatura topográfica completa Código de barras Visto por última vez Precio de reemplazo Tipo de ítem Koha
        Biblioteca del Ateneo de Madrid Biblioteca del Ateneo de Madrid Depósito 2 17/01/2008     E-11587 1118155 23/02/2023 23/02/2023 Libro impreso